000 02515cam a2200313 a 4500
001 16837547
003 OSt
005 20160420135229.0
008 110621s2011 nyu 000 1 eng
010 _a 2011024847
020 _a9780312651220 (hbk.)
020 _a0312651228 (hbk.)
040 _aSEKU
050 0 0 _aPS 3560
_b.J6
100 1 _aJohansen, Iris.
245 1 0 _aBonnie /
_cIris Johansen.
260 _aNew York :
_bSt. Martin's Press,
_c2011.
300 _a373 p. ;
_c25 cm.
490 1 _a[Eve Duncan forensics thriller ]
520 _a"When Eve Duncan gave birth to Bonnie, she experienced a love she never knew existed. Eve's entire life came into focus (delete reference to forensics--that happened later, right?--) and nothing was going to stand in the way of giving her daughter a wonderful life--the kind of life she herself never experienced. And then, the unthinkable happened. On an ordinary class trip to a local park, seven-year-old Bonnie vanished. Eve found herself in the throes of a nightmare that permeated her days and nights, and from which there was no escape. But a new Eve emerged: a woman who would use her remarkable talent as a forensic sculptor and her passion for helping others to find closure when the unthinkable happens to their child. A woman who would stop at nothing to find her own daughter's killer and bring her body home. A woman with both justice and vengeance on her mind. Finally, in the trilogy that began with EVE and continued with QUINN, comes the story that fans have been dying to read. With the help of her beloved Joe Quinn and CIA Agent Catherine Ling, Eve Duncan gets closer and closer to answering the questions that have tormented her. But the deeper she digs, the more she realizes that Bonnie's father, John Gallo, is a key player in solving this monstrous puzzle. And that Bonnie's disappearance was not as random as everyone had always believed. Eve, Joe, Catherine, and John find themselves in a deadly dance where answers will be uncovered, and justice might finally be served-- if they can all stay alive long enough to make it happen"--
_cProvided by publisher.
650 0 _aDuncan, Eve (Fictitious character)
_vFiction.
650 0 _aFacial reconstruction (Anthropology)
_vFiction.
650 0 _aWomen sculptors
_vFiction.
650 0 _aChildren
_xCrimes against
_vFiction.
655 0 _aDomestic fiction.
655 7 _aMystery fiction.
_2gsafd
800 1 _aJohansen, Iris.
_tEve Duncan forensics thriller.
942 _2lcc
_cGEN
999 _c12868
_d12868